Catálogo
 En Linea

Nivelación académica para la admisión universitaria : razonamiento matemático. Guía para ... (Registro nro. 47950)

Detalles MARC
000 -CABECERA
campo de control de longitud fija 00344nam a2200109 a 4500
005 - FECHA Y HORA DE LA ÚLTIMA TRANSACCIÓN
campo de control 20201002061154.0
008 - DATOS DE LONGITUD FIJA--INFORMACIÓN GENERAL
campo de control de longitud fija 190322s2018 000 spa d
020 ## - NÚMERO INTERNACIONAL ESTÁNDAR DEL LIBRO
Número Internacional Estándar del Libro 9789945914818
040 ## - FUENTE DE LA CATALOGACIÓN
Centro catalogador/agencia de origen DO-SdBNP
245 #0 - MENCIÓN DE TÍTULO
Título Nivelación académica para la admisión universitaria : razonamiento matemático. Guía para ...
260 ## - PUBLICACIÓN, DISTRIBUCIÓN, ETC.
Lugar de publicación, distribución, etc. Santo Domingo,
Fecha de publicación, distribución, etc. 2018.

No hay ítems disponibles.

Con tecnología Koha